000 00647nam a2200181 4500
999 _c162253
_d162253
005 20190308122621.0
010 _aENG-124855
020 _a9789351869504
_c250.00
035 _aEN-108387
037 _bDBAD/PUB
082 _a618
100 _aSinghai,Kishlay
245 _a25 Most common and hidden diseases of women:
_cby Sanjeeva Pandey[and]Anthony J Gaston
_bA practical guide to yogic cure for women diseases/
260 _aNew Delhi
_bPrabhat Prakashan
_c2016
270 _a4/19 Asaf Ali Road,
_bNew Delhi
_e110002
_k011-23289777
_mprabhathbooks@gmail.com
300 _a135p.
_c22cm(Hb)
_bill.
942 _2ddc
_cEN
_h618
_mSIN